000 00780nam a2200265Ia 4500
005 20260302114401.0
008 008 260114s9999 xx 000 0 eng d
020 _a9781350057968
037 _aTextbook
040 _aCRL
040 _beng
040 _cCRL
041 _2eng
041 _aeng
084 _qCRL
100 _aJohn H. McClendon III and Stephen C. Ferguson II
_91118617
245 0 _aAfrican American Philosophers and Philosophy An Introduction to the History, Concepts, and Contemporary Issues
260 _bBloomsbury
260 _bBloomsbury Academic
260 _c2019
650 _aPhilosophy
856 _uhttps://doi.org/10.5040/9781350057968?locatt=label:secondary_bloomsburyCollections
942 _cEBOOK
999 _c1682353
_d1682353